00703nam a2200241 a 4500001001300000003000900013005001700022008004100039020001000080082001800090100002000108245001800128260004000146300000800186500003500194505004700229650001600276700002000292902000800312942000700320952011900327999001500446nice12345678IN_TiNIC20260116012345.0050524s1946 bana grp 000 0 urd  ac10000a891.4391bIMA aImami, H M Imam aJaleel Marhum aBangalorebBarqi Kausar Pressc1946 a32p aincludes index and biblioraphy2 aFoot notes by Maulana Maulvi Ilahi Bakhsh. aUrdu-Poetry1 aImami, H M Imam bSRS cBK 001040708StackRoom-aHMIbHMId2007-06-22g100.00l0o891.4391 IMAp011851r2007-06-22v100.00w2005-05-24yBK c6684d6684